000 01494nam a22004097a 4500
001 0029155
003 KOHA_MİRAKIL
005 20260207002652.0
007 ta
008 110404b2009 tu a|||gr||||#||||0|tur |
020 _a9789758046614
040 _aTR-BiSEU
_btur
_cTR-BiSEU
_erda
041 0 _atur
044 _ctu
050 _aHD1289.K39
_bI53 2009
100 1 _aİnbaşı, Mehmet.
245 1 _a1484 (Hicri 888) tarihli Kayseri tapu-tahrir defteri/
_cMehmet İnbaşı ; Mehmet İnbaşı.
264 1 _aKayseri :
_bKayseri Büyükşehir Belediyesi
_c2009
300 _a XV, 177 sayfa :
_btıpkıbs. ;
_c21 cm.
336 _ametin
_btxt
_2rdacontent
337 _aaracısız
_bn
_2rdamedia
338 _acilt
_bnc
_2rdacarrier
490 1 _aKayseri Büyükşehir Belediyesi Kültür yayınları ;
_vyayın no.
490 1 _a61
500 _aEserde osmanlıca metin mevcuttur.
650 0 _aKadastro--Türkiye--Kayseri.
_957698
650 0 _aToprak mülkiyeti--Türkiye--Kayseri.
_957699
650 0 _aGayrimenkul vergileri--Türkiye--Kayseri.
_957700
650 0 _aKayseri (Türkiye)--Tarih--Kaynaklar.
_957701
650 0 _aCadastre--Turkey--Kayseri.
_957702
650 0 _aLand Ownership--Turkey--Kayseri.
_957703
650 0 _aReal estate taxes--Turkey--Kayseri.
_957704
650 0 _aKayseri (Turkey)--History--Sources.
_957705
830 1 _aKayseri Büyükşehir Belediyesi Kültür yayınları ;
_vyayın no.
_957707
830 1 _a61
_96986
942 _2lcc
_cBK
999 _c29077
_d29077